000
00315nam a22001337a 4500
008
250303b |||||||| |||| 00| 0 eng d
020
_a
9781784974336
050
_a
TL873
_b
.P68
100
_a
Potter Christopher
245
_a
The Earth Gazers
260
_a
UK
_b
Head of Zeus Ltd
_c
2017
300
_a
456p
942
_c
BK
999
_c
2051
_d
2051